00533nam a22001937a 450000500170000001000130001702000100003003500130004003700160005304000120006908200110008110000220009224500590011426000350017327000590020830000210026765000350028865000160032320170124110123.0 aB-132927 c00.00 aB-132927 bCen Lib/Ret aDPLbEN aNbMUR aMurari, Timari N. aTaj :cby Timari N. Murariba story of mughal India / aNew DelhibPenguin Booksc2004 a11-Community Center Panchsheel ParkbNew Delhie110017 a371p. c18cm(Hb) aTaj Mahal (Agra, India)zIndia aIslamic art